|
|
|
|
| LEADER |
00000nas a2200000 a 4500 |
| 001 |
ssj0047297 |
| 003 |
WaSeSS |
| 005 |
20200512172242.0 |
| 006 |
m d |
| 007 |
cr n |
| 008 |
850930c19859999at qr p s 0 a0eng c |
| 010 |
|
|
|a sn 85068614
|
| 022 |
|
|
|l 0815-2195
|y 0815-2195
|
| 030 |
|
|
|a PPQUE8
|
| 035 |
|
|
|a (WaSeSS)ssj0047297
|
| 037 |
|
|
|b R.G. Richardson, 18 Koornalla Crescent, Mt. Eliza., Victoria 3930, Australia
|
| 040 |
|
|
|a HUH
|b eng
|c HUH
|d AGL
|d NSD
|d NST
|d NSD
|d NST
|d EBZ
|d NST
|d AGL
|d OCL
|d OCLCQ
|d AU@
|d OCLCQ
|d OCLCF
|d OCLCO
|d OCLCQ
|d OCLCO
|d WaSeSS
|
| 042 |
|
|
|a pcc
|a nsdp
|
| 043 |
|
|
|a u-at---
|
| 050 |
|
4 |
|a SB950.3.A8
|b P53
|
| 070 |
0 |
|
|a SB950.3.A8P535
|
| 072 |
|
0 |
|a F800
|
| 082 |
0 |
4 |
|a 632.05
|
| 210 |
0 |
|
|a Plant prot. q.
|
| 222 |
|
0 |
|a Plant protection quarterly
|
| 245 |
0 |
0 |
|a Plant protection quarterly
|h [electronic resource].
|
| 246 |
3 |
0 |
|a Plant protection
|
| 260 |
|
|
|a [Victoria, Australia] :
|b Inkata Press,
|c 1985-
|
| 310 |
|
|
|a Quarterly
|
| 362 |
0 |
|
|a Vol. 1, no. 1-
|
| 500 |
|
|
|a Title from cover.
|
| 506 |
|
|
|a License restrictions may limit access.
|
| 650 |
|
0 |
|a Plants
|v Periodicals.
|
| 650 |
|
0 |
|a Botany
|z Australia
|v Periodicals.
|
| 650 |
|
0 |
|a Weeds
|z Australia
|v Periodicals.
|
| 650 |
|
3 |
|a Plants, Protection of
|z Australia
|v Periodicals.
|
| 650 |
|
7 |
|a Botany.
|2 fast
|0 (OCoLC)fst00836869
|
| 650 |
|
7 |
|a Plants.
|2 fast
|0 (OCoLC)fst01065823
|
| 650 |
|
7 |
|a Weeds.
|2 fast
|0 (OCoLC)fst01173358
|
| 651 |
|
7 |
|a Australia.
|2 fast
|0 (OCoLC)fst01204543
|
| 655 |
|
0 |
|a Electronic journals.
|
| 780 |
0 |
0 |
|t Australian weeds
|x 0725-0150
|w (DLC)sn 85010585
|w (OCoLC)9611163
|
| 850 |
|
|
|a ArU
|a CU
|a CU-A
|a CaAEU
|a DNAL
|a IaAS
|a NIC
|a NjR
|a OrCS
|
| 856 |
4 |
0 |
|z Full text available from Research Library: 01/01/2005 to 04/30/2014
|u https://search.proquest.com/publication/27969
|